|
|
|
|
| LEADER |
00000cam a2200000 7i4500 |
| 001 |
0000005336 |
| 005 |
20151222.0 |
| 008 |
070803 |
| 020 |
|
|
|a 9833440029
|
| 090 |
0 |
0 |
|a COM
|b ENG
|
| 100 |
1 |
|
|a James, Lindy
|
| 245 |
1 |
0 |
|a Networks and Internet
|c Lindy James
|
| 260 |
|
|
|a Kuala Lumpur :
|b Edaran Kemajuan ,
|c 2005
|
| 440 |
|
0 |
|a ICT series
|
| 500 |
|
|
|a Children ages 10-12 years old (pink)
|
| 650 |
|
0 |
|a Information technology
|
| 650 |
|
0 |
|a Junior fiction
|x English
|x Languages
|
| 710 |
0 |
|
|a Title
|
| 999 |
|
|
|a 0000897745
|b Book
|c Children Collection
|e Cawangan Tangkak
|
| 999 |
|
|
|a 0000897749
|b Book
|c Children Collection
|e Cawangan Segamat
|
| 999 |
|
|
|a 0000897750
|b Book
|c Children Collection
|e Cawangan Segamat
|
| 999 |
|
|
|a 0000977697
|b Book
|c Children Collection
|e Cawangan Pontian
|
| 999 |
|
|
|a 0000977698
|b Book
|c Children Collection
|e Cawangan Segamat
|
| 999 |
|
|
|a 0000977699
|b Book
|c Children Collection
|e Cawangan Tmn. Ungku Tun Aminah
|
| 999 |
|
|
|a 0000982544
|b Book
|c Children Collection
|e Cawangan Muar
|
| 999 |
|
|
|a 0000982546
|b Book
|c Children Collection
|e Cawangan Bandar Tenggara
|
| 999 |
|
|
|a 0000982547
|b Book
|c Children Collection
|e Perbadanan Perpustakaan Awam Johor
|
| 999 |
|
|
|a 0000982548
|b Book
|c Children Collection
|e Perbadanan Perpustakaan Awam Johor
|
| 999 |
|
|
|a 000897747
|b Book
|c Children Collection
|e Cawangan Batu Pahat
|